000 00279nam a22001337a 4500
008 221006b ||||| |||| 00| 0 eng d
041 _aeng
080 _a330
082 _a330
100 _a51
101 _aINV
245 _aOLDER AMERICANS 2008
_cWALLMAN K
942 _2udc
_cBK
999 _c58381
_d58381